| 000 | 00755nam a2200241 a 4500 | ||
|---|---|---|---|
| 001 | 29842 | ||
| 003 | BD-RjUL | ||
| 005 | 20211209051453.0 | ||
| 008 | 140407r19691924enk b 001 0 eng d | ||
| 035 | _a(BD-RjUL) 29927 | ||
| 035 | _a(BD-RjUL) | ||
| 040 |
_aVBX _beng _cVBX _dXNTU _dBD-RjUL |
||
| 041 | _aeng | ||
| 082 | 1 | 4 |
_a192 _219 _bLOE 1969 |
| 100 | 1 |
_aLocke, John, _d1632-1704. _990808 |
|
| 245 | 1 | 3 |
_aAn essay concerning human understanding / _cedited with an introduction by John W. Yolton. |
| 260 |
_aLondon : _bAt the Clarendon Press, _c1924 [Reprinted 1969] |
||
| 300 |
_a380 p. ; _c18 cm. |
||
| 504 | _aIncludes Bibliography and Index | ||
| 650 | 0 |
_aKnowledge, Theory of. _990809 |
|
| 700 | 1 |
_aPringle-Pattison, A. S _990810 |
|
| 942 |
_2ddc _cBK |
||
| 999 |
_c29842 _d29842 |
||